00968nam a2200229Ia 450000500170000000800410001702000150005802000180007304000500009104100080014110000210014924501020017026000760027230000220034850400530037065000400042365000310046365100540049465100540054865100680060265100680067020211112075557.0130821s1990 xxu gr eng  a0804719578 a9780804719575 aCO-BoUCMbspacJose A. GerenadJose A. Gerena00aeng1 aChang, Gordon H.10aFriends and enemies cGordon H. Changbthe United States, China, and the Soviet Union, 1948-1972 aStandford (California, Estados Unidos)bStanford University Pressc1990 aix, 383 páginas aIncluye referencias bibliográficas e índices 7aPolítica internacionaly1945-1989 7aRelaciones internacionales 4aChinabRelaciones internacionaleszEstados Unidos 4aEstados UnidosbRelaciones internacionaleszChina 4aEstados UnidosbRelaciones internacionaleszUnión soviética 4aUnión SoviéticabRelaciones internacionaleszEstados Unidos